[Event "CP-2009-Q-00003"]
[Site "LSS email"]
[Date "2011.02.03"]
[Round "?"]
[White "Manini, Nicola"]
[Black "Hnatovsky, Nicholas"]
[Result "1-0"]
[WhiteElo "1685"]
[BlackElo "2334"]
[PlyCount "113"]
[EventDate "2011.02.05"]
[EventType "tourn (corr)"]
[EventRounds "8"]
[EventCountry "GER"]
[SourceTitle "Telechess CBM 155"]
[Source "ChessBase"]
[SourceDate "2013.07.16"]
[SourceVersion "1"]
[SourceVersionDate "2013.07.16"]
[SourceQuality "1"]

1. d4 Nf6 2. c4 e6 3. Nc3 Bb4 4. e3 0-0 5. Bd3 d5 6. cxd5 exd5 7. Nge2 Re8 8. a3 Bf8 9. 0-0 a5 10. f3 c5 11. Kh1 Nc6 12. Bc2 b6 13. Re1 Ba6 14. Bd3 Bxd3 15. Qxd3 a4 16. Qd1 c4 17. Rb1 Na5 18. Nxa4 Bd6 19. Nac3 Qd7 20. Nf4 Bxf4 21. exf4 Rxe1+ 22. Qxe1 Re8 23. Qf2 h5 24. Be3 Rb8 25. h3 b5 26. Re1 Nc6 27. Na2 g6 28. Qh4 Nh7 29. g4 hxg4 30. fxg4 f5 31. Kg2 Re8 32. Kf1 Qf7 33. Qg3 Qd7 34. g5 Nf8 35. Qf3 Ne6 36. Nc3 b4 37. Nxd5 Ncxd4 38. Nf6+ Kf7 39. Qg2 Nxf4 40. Bxf4 Rxe1+ 41. Kxe1 Qe7+ 42. Kf1 bxa3 43. bxa3 Qxa3 44. Qb7+ Qe7 45. Qd5+ Ne6 46. Qxc4 Qa3 47. Qb5 Qf3+ 48. Kg1 Qd1+ 49. Kh2 Qc2+ 50. Kg3 Qc3+ 51. Kh4 Qc8 52. Be5 Ng7 53. Qd7+ Qxd7 54. Nxd7 Ne6 55. Bf6 Nf4 56. Kg3 Nh5+ 57. Kf3 1-0

[Event "CP-2009-Q-00003"]
[Site "LSS email"]
[Date "2011.02.03"]
[Round "?"]
[White "Manini, Nicola"]
[Black "Rychkov, Sergej"]
[Result "0-1"]
[WhiteElo "1685"]
[BlackElo "2081"]
[PlyCount "76"]
[EventDate "2011.02.05"]
[EventType "tourn (corr)"]
[EventRounds "8"]
[EventCountry "GER"]
[SourceTitle "Telechess CBM 155"]
[Source "ChessBase"]
[SourceDate "2013.07.16"]
[SourceVersion "1"]
[SourceVersionDate "2013.07.16"]
[SourceQuality "1"]

1. d4 d5 2. c4 e6 3. Nc3 Nf6 4. cxd5 exd5 5. Bg5 Nbd7 6. e3 c6 7. Bd3 h6 8. Bf4 Bb4 9. h3 Qe7 10. Nge2 0-0 11. 0-0 Re8 12. Qc2 Bd6 13. a3 Bxf4 14. Nxf4 b6 15. b4 Bb7 16. Be2 a5 17. Qb3 g5 18. Nd3 Kg7 19. Rfc1 Rec8 20. b5 c5 21. dxc5 bxc5 22. Qb2 Re8 23. Rc2 Nb6 24. Rac1 Rab8 25. Qa1 h5 26. h4 gxh4 27. Nf4 d4 28. Nd1 Nbd7 29. exd4 Qe4 30. Nxh5+ Nxh5 31. dxc5+ Kh7 32. c6 h3 33. Bf3 Qg6 34. Ne3 Ne5 35. Bxh5 Qxh5 36. g4 Nxg4 37. Qd4 Nxe3 38. fxe3 Rbd8 0-1

[Event "LSS SC-2010-0-00078"]
[Site "LSS email"]
[Date "2010.11.16"]
[Round "?"]
[White "Manini, Nicola"]
[Black "Korinek, Jaroslav"]
[Result "1-0"]
[WhiteElo "1682"]
[BlackElo "1745"]
[PlyCount "89"]
[EventDate "2010.09.20"]
[EventType "tourn (corr)"]
[EventRounds "6"]
[EventCountry "GER"]
[SourceTitle "Telechess CBM 147"]
[Source "ChessBase"]
[SourceDate "2012.03.16"]
[SourceVersion "1"]
[SourceVersionDate "2012.03.16"]
[SourceQuality "1"]

1. d4 Nf6 2. c4 g6 3. Nc3 Bg7 4. e4 d6 5. Nge2 0-0 6. Ng3 h5 7. Be2 h4 8. Nf1 Nc6 9. d5 Ne5 10. h3 c6 11. Bg5 cxd5 12. cxd5 b5 13. a3 Nc4 14. Qc2 Qa5 15. Nd2 Nxd2 16. Bxd2 b4 17. Nd1 Bd7 18. Bxb4 Qb6 19. 0-0 Rab8 20. Bc3 Qb3 21. Qxb3 Rxb3 22. Re1 Rc8 23. Ba6 Rc5 24. Bd2 Rb6 25. Bf1 Rb8 26. Be3 Rc7 27. Bg5 Kf8 28. Bxh4 Bh6 29. f3 Bd2 30. Re2 Bf4 31. g3 Bc1 32. Bxf6 exf6 33. b4 Rbc8 34. a4 Rc4 35. b5 Rd4 36. Nf2 f5 37. Kg2 Bg5 38. Raa2 Rc1 39. Reb2 fxe4 40. fxe4 Rc8 41. a5 Ra8 42. b6 axb6 43. Rxb6 Rd2 44. Rxd2 Bxd2 45. a6 1-0

[Event "LSS SC-2010-0-00078"]
[Site "LSS email"]
[Date "2010.11.15"]
[Round "?"]
[White "Jordaan, Wayne"]
[Black "Manini, Nicola"]
[Result "0-1"]
[WhiteElo "1569"]
[BlackElo "1682"]
[PlyCount "84"]
[EventDate "2010.09.20"]
[EventType "tourn (corr)"]
[EventRounds "6"]
[EventCountry "GER"]
[SourceTitle "Telechess CBM 147"]
[Source "ChessBase"]
[SourceDate "2012.03.16"]
[SourceVersion "1"]
[SourceVersionDate "2012.03.16"]
[SourceQuality "1"]

1. d4 Nf6 2. c4 e6 3. Nc3 Bb4 4. e3 c5 5. Nge2 cxd4 6. exd4 0-0 7. a3 Bxc3+ 8. Nxc3 h6 9. Be2 d5 10. c5 Nc6 11. Bf4 Ne4 12. Nxe4 dxe4 13. Bd6 Re8 14. 0-0 Ne7 15. Bg4 b6 16. Rc1 Bb7 17. Re1 Qd7 18. Rc3 Nf5 19. Be5 Rac8 20. cxb6 Rxc3 21. bxc3 axb6 22. Qb3 Rc8 23. Qb4 Qc6 24. Bxf5 exf5 25. Re3 f6 26. Bd6 g5 27. Qb3+ Kg7 28. Bb4 f4 29. Re2 Qd7 30. Re1 Bd5 31. Qc2 b5 32. Qe2 Kg6 33. Qc2 f5 34. g3 f3 35. h3 h5 36. Qb1 Re8 37. Kh2 h4 38. g4 fxg4 39. hxg4 Qxg4 40. Rg1 Qf4+ 41. Kh1 Kh6 42. Qc2 e3 0-1

[Event "LSS SC-2010-0-00078"]
[Site "LSS email"]
[Date "2010.11.13"]
[Round "?"]
[White "Milde, Lars"]
[Black "Manini, Nicola"]
[Result "1/2-1/2"]
[WhiteElo "1575"]
[BlackElo "1682"]
[PlyCount "47"]
[EventDate "2010.09.20"]
[EventType "tourn (corr)"]
[EventRounds "6"]
[EventCountry "GER"]
[SourceTitle "Telechess CBM 147"]
[Source "ChessBase"]
[SourceDate "2012.03.16"]
[SourceVersion "1"]
[SourceVersionDate "2012.03.16"]
[SourceQuality "1"]

1. e4 c5 2. Nf3 Nc6 3. d4 cxd4 4. Nxd4 Qc7 5. Nc3 e6 6. Be3 Nf6 7. Be2 a6 8. 0-0 Be7 9. f4 d6 10. Qe1 Nxd4 11. Bxd4 b5 12. a3 Bb7 13. Qg3 0-0 14. Rae1 d5 15. e5 Ne4 16. Nxe4 dxe4 17. Rc1 Rfd8 18. c3 Bd5 19. Qe3 Rac8 20. Bg4 h6 21. Rce1 Bc5 22. Bxc5 Qxc5 23. Qxc5 Rxc5 24. Rd1 1/2-1/2

[Event "IECG CP.2006.Q.00020 email"]
[Site "IECG email"]
[Date "2008.01.15"]
[Round "?"]
[White "Manini, Nicola"]
[Black "Simon, Holger"]
[Result "1/2-1/2"]
[WhiteElo "1581"]
[BlackElo "2149"]
[PlyCount "81"]
[EventDate "2008.01.15"]
[EventType "tourn (corr)"]
[EventRounds "6"]
[SourceTitle "Corr 2024"]
[Source "ChessBase"]
[SourceDate "2023.10.19"]
[SourceVersion "1"]
[SourceVersionDate "2023.10.19"]
[SourceQuality "1"]

1. d4 Nf6 2. c4 g6 3. Nc3 Bg7 4. e4 d6 5. Nge2 0-0 6. Ng3 h5 7. Be2 c5 8. d5 b5 9. cxb5 a6 10. 0-0 h4 11. Nh1 axb5 12. Bxb5 Qb6 13. a4 Na6 14. Bg5 h3 15. Ng3 Nc7 16. Bc6 Rb8 17. Rb1 Na6 18. Qd2 Nb4 19. Bb5 Qc7 20. Be2 Qd7 21. Bb5 Qc7 22. Kh1 Nh7 23. Bh6 Nf6 24. Bxg7 Kxg7 25. gxh3 Rh8 26. Rg1 Rxh3 27. f3 Bd7 28. Bxd7 Qxd7 29. Rg2 Kf8 30. Ra1 Qb7 31. Nb5 Ra8 32. Ra3 Ra5 33. Kg1 Qb6 34. Ne2 Nd7 35. Rg3 Rh4 36. Kg2 Ne5 37. Qg5 Rh5 38. Qc1 Nbd3 39. Qd2 c4 40. Ned4 Rh4 41. Kh1 1/2-1/2

[Event "IECG CP.2006.P.00039 email"]
[Site "IECG email"]
[Date "2006.10.01"]
[Round "?"]
[White "Manini, Nicola"]
[Black "Ho, Conrad"]
[Result "1-0"]
[WhiteElo "1535"]
[BlackElo "1941"]
[PlyCount "51"]
[EventDate "2006.10.01"]
[EventType "tourn (corr)"]
[EventRounds "6"]
[SourceTitle "Corr 2011"]
[Source "ChessBase"]
[SourceDate "2010.08.31"]
[SourceVersion "1"]
[SourceVersionDate "2010.08.31"]
[SourceQuality "1"]

1. d4 e6 2. c4 Nf6 3. Nc3 c5 4. d5 b5 5. Nxb5 Bb7 6. d6 Na6 7. f3 Qa5+ 8. Bd2 Qb6 9. Bc3 Nd5 10. e4 Nxc3 11. bxc3 g6 12. Rb1 Qa5 13. Bd3 Bh6 14. Ne2 0-0 15. 0-0 e5 16. f4 f5 17. exf5 e4 18. Bc2 gxf5 19. Ng3 Bg7 20. Qh5 Bc6 21. Nxf5 Rxf5 22. Qxf5 Rf8 23. Qh3 Qxa2 24. Rf2 Rxf4 25. Rxf4 Qxc2 26. Re1 1-0

[Event "IECG CP.2006.P.00039 email"]
[Site "IECG email"]
[Date "2006.10.01"]
[Round "?"]
[White "Rusak, Alexandr Victorovic"]
[Black "Manini, Nicola"]
[Result "1/2-1/2"]
[WhiteElo "1942"]
[BlackElo "1535"]
[PlyCount "67"]
[EventDate "2006.10.01"]
[EventType "tourn (corr)"]
[EventRounds "6"]
[SourceTitle "Corr 2011"]
[Source "ChessBase"]
[SourceDate "2010.08.31"]
[SourceVersion "1"]
[SourceVersionDate "2010.08.31"]
[SourceQuality "1"]

1. e4 c5 2. Nf3 e6 3. d4 cxd4 4. Nxd4 Nc6 5. Nc3 Nf6 6. Ndb5 d6 7. Bf4 e5 8. Bg5 a6 9. Na3 b5 10. Nd5 Qa5+ 11. Bd2 Qd8 12. Bd3 Nxd5 13. exd5 Ne7 14. c4 g6 15. cxb5 Bg7 16. 0-0 0-0 17. Bc4 e4 18. Qc2 Rb8 19. Bc3 Bxc3 20. Qxc3 axb5 21. Nxb5 Ba6 22. a4 Bxb5 23. axb5 Nf5 24. Ra6 Re8 25. Rfa1 e3 26. fxe3 Nxe3 27. b3 Qg5 28. g3 Qg4 29. Qd3 h5 30. R6a2 Re5 31. Qe2 Qd4 32. Qb2 Qg4 33. Qe2 Qd4 34. Qb2 1/2-1/2

[Event "IECG WC.2008.P.00014 email"]
[Site "IECG email"]
[Date "2004.03.05"]
[Round "?"]
[White "Manini, Nicola"]
[Black "Horvath, Daniel"]
[Result "1/2-1/2"]
[WhiteElo "1505"]
[BlackElo "1847"]
[PlyCount "54"]
[EventDate "2004.03.05"]
[EventType "tourn (corr)"]
[EventRounds "6"]
[SourceTitle "Corr 2008"]
[Source "ChessBase"]
[SourceDate "2008.06.24"]
[SourceVersion "1"]
[SourceVersionDate "2008.06.24"]
[SourceQuality "1"]

1. d4 Nf6 2. c4 e6 3. Nc3 Bb4 4. e3 0-0 5. Bd3 d5 6. Nge2 dxc4 7. Bxc4 c5 8. a3 Bxc3+ 9. bxc3 Qc7 10. Bd3 e5 11. 0-0 Nc6 12. Ng3 Rd8 13. Qc2 Be6 14. Ne4 Nxe4 15. Bxe4 f5 16. Bxf5 Bxf5 17. Qxf5 cxd4 18. cxd4 exd4 19. Bb2 d3 20. Rad1 Qf7 21. Qe4 Qd5 22. Qg4 Rd7 23. Rd2 Rad8 24. Rfd1 Qf7 25. Qe4 Re7 26. Qa4 Red7 27. Qe4 Re7 1/2-1/2

[Event "IECG WC.2006.P.00008 email"]
[Site "IECG email"]
[Date "2003.01.22"]
[Round "?"]
[White "Krol, Wladyslaw"]
[Black "Manini, Nicola"]
[Result "1-0"]
[WhiteElo "2271"]
[BlackElo "1458"]
[PlyCount "85"]
[EventDate "2003.01.22"]
[EventType "tourn (corr)"]
[EventRounds "10"]
[SourceTitle "Corr 2008"]
[Source "ChessBase"]
[SourceDate "2008.06.24"]
[SourceVersion "1"]
[SourceVersionDate "2008.06.24"]
[SourceQuality "1"]

1. e4 c5 2. f4 Nf6 3. d3 d5 4. e5 Nfd7 5. Nf3 e6 6. Be2 Nc6 7. c3 Be7 8. 0-0 0-0 9. d4 a6 10. Be3 b5 11. Qe1 cxd4 12. Nxd4 Nxd4 13. Bxd4 Nc5 14. Nd2 Qc7 15. Qg3 f6 16. exf6 Bxf6 17. Qe3 Na4 18. Rab1 Bd7 19. Bd3 Rac8 20. Nf3 Bxd4 21. cxd4 Qxf4 22. Bxh7+ Kh8 23. Qxf4 Rxf4 24. Bd3 Kg8 25. g3 Rf6 26. Ne5 Be8 27. Rfe1 Nb6 28. Rbc1 Rxc1 29. Rxc1 Nc4 30. Bxc4 bxc4 31. b3 cxb3 32. axb3 Bb5 33. h4 Kh7 34. Kg2 Rf8 35. Nf3 Kh6 36. Re1 Bd7 37. g4 Rc8 38. Re3 g6 39. Ng5 Re8 40. Rc3 Re7 41. Rc7 Kg7 42. Kg3 Kf6 43. Kf4 1-0

[Event "IECG WC.2006.P.00008 email"]
[Site "IECG email"]
[Date "2003.01.22"]
[Round "?"]
[White "Manini, Nicola"]
[Black "Sherwood, Russell"]
[Result "1/2-1/2"]
[WhiteElo "1458"]
[BlackElo "1779"]
[PlyCount "89"]
[EventDate "2003.01.22"]
[EventType "tourn (corr)"]
[EventRounds "10"]
[SourceTitle "Corr 2008"]
[Source "ChessBase"]
[SourceDate "2008.06.24"]
[SourceVersion "1"]
[SourceVersionDate "2008.06.24"]
[SourceQuality "1"]

1. d4 g6 2. c4 Bg7 3. e4 d6 4. Nc3 Nf6 5. Nge2 Nbd7 6. Ng3 e5 7. d5 Nb6 8. Bd3 0-0 9. 0-0 c6 10. h3 Ne8 11. a4 a5 12. f4 exf4 13. Bxf4 Nd7 14. Rb1 Ne5 15. Be2 Qb6+ 16. Kh2 h5 17. b3 h4 18. Nh1 Nd7 19. Rf3 Qd8 20. Qc1 Qe7 21. Bg5 Bf6 22. Bxf6 Ndxf6 23. Qe3 Nd7 24. Rbf1 Ne5 25. R3f2 Nc7 26. Qh6 Nd7 27. Kg1 Qe5 28. Nb1 Nc5 29. Nd2 Qc3 30. Rf3 Qd4+ 31. Nf2 Bd7 32. Rd1 Qh8 33. Qg5 Rae8 34. Rf4 Re5 35. Qxh4 Qxh4 36. Rxh4 cxd5 37. cxd5 Nxd5 38. exd5 Rxe2 39. Nde4 Bf5 40. Nxd6 Bc2 41. Rdd4 Nxb3 42. Rdf4 f5 43. Rc4 Re1+ 44. Kh2 Nd2 45. Rc7 1/2-1/2

[Event "IECG WC.2006.P.00008 email"]
[Site "IECG email"]
[Date "2003.01.22"]
[Round "?"]
[White "Peto, Peter"]
[Black "Manini, Nicola"]
[Result "1/2-1/2"]
[WhiteElo "2097"]
[BlackElo "1458"]
[PlyCount "57"]
[EventDate "2003.01.22"]
[EventType "tourn (corr)"]
[EventRounds "10"]
[SourceTitle "Corr 2008"]
[Source "ChessBase"]
[SourceDate "2008.06.24"]
[SourceVersion "1"]
[SourceVersionDate "2008.06.24"]
[SourceQuality "1"]

1. e4 c5 2. Nf3 Nc6 3. d4 cxd4 4. Nxd4 g6 5. c4 Bg7 6. Be3 Nf6 7. Nc3 0-0 8. Be2 b6 9. 0-0 Bb7 10. f3 Rc8 11. Qd2 Re8 12. Rad1 Qc7 13. b3 Nxd4 14. Bxd4 d6 15. Nb5 Qb8 16. Rfe1 a6 17. Nc3 Qc7 18. Qe3 b5 19. e5 dxe5 20. Qxe5 Qxe5 21. Bxe5 b4 22. Na4 a5 23. Nb6 Rc6 24. Nd5 Nxd5 25. Rxd5 Re6 26. Bxg7 Bxd5 27. cxd5 Rxe2 28. Rxe2 Kxg7 29. Kf2 1/2-1/2

[Event "IECG CP.2002.P.00091 email"]
[Site "IECG email"]
[Date "2002.10.01"]
[Round "?"]
[White "Manini, Nicola"]
[Black "Windels, Luc"]
[Result "1-0"]
[WhiteElo "1420"]
[BlackElo "1886"]
[PlyCount "105"]
[EventDate "2002.10.01"]
[EventType "tourn (corr)"]
[EventRounds "6"]
[EventCountry "HUN"]
[SourceTitle "Corr 2008"]
[Source "ChessBase"]
[SourceDate "2008.06.24"]
[SourceVersion "1"]
[SourceVersionDate "2008.06.24"]
[SourceQuality "1"]

1. d4 Nf6 2. c4 e6 3. Nc3 Bb4 4. e3 0-0 5. Bd3 c5 6. Nge2 d5 7. cxd5 exd5 8. a3 Bxc3+ 9. bxc3 c4 10. Bb1 Re8 11. 0-0 Qa5 12. Bb2 Nbd7 13. Qc2 Nb6 14. Nf4 Na4 15. Bc1 g6 16. Bd2 Bf5 17. Qc1 Bxb1 18. Rxb1 b5 19. f3 a6 20. Re1 Qc7 21. Nh3 Ra7 22. Nf2 Qc6 23. Qc2 Rae7 24. Re2 Qd7 25. e4 dxe4 26. fxe4 Re6 27. Ra1 Qa7 28. Rae1 Nd5 29. Nh1 f5 30. Ng3 fxe4 31. Nxe4 Qd7 32. Bh6 Qc8 33. Rf1 Nab6 34. Qd2 a5 35. h4 Qd8 36. Qe1 Nd7 37. Rff2 Nc7 38. Bg5 Qa8 39. Ng3 Qd5 40. Qb1 Rxe2 41. Nxe2 Ne6 42. Nf4 Nxf4 43. Rxf4 Re2 44. Qf1 Re3 45. Rf2 Re4 46. Bh6 Re8 47. Rb2 Qc6 48. Qf4 Re1+ 49. Kh2 Re4 50. Qg3 Nf6 51. Rf2 Qb6 52. h5 Nd7 53. Qg5 1-0

[Event "IECG CP.2002.P.00091 email"]
[Site "IECG email"]
[Date "2002.10.01"]
[Round "?"]
[White "Szava, Miklos"]
[Black "Manini, Nicola"]
[Result "1-0"]
[WhiteElo "2165"]
[BlackElo "1420"]
[PlyCount "59"]
[EventDate "2002.10.01"]
[EventType "tourn (corr)"]
[EventRounds "6"]
[EventCountry "HUN"]
[SourceTitle "Corr 2008"]
[Source "ChessBase"]
[SourceDate "2008.06.24"]
[SourceVersion "1"]
[SourceVersionDate "2008.06.24"]
[SourceQuality "1"]

1. e4 c5 2. Nf3 d6 3. d4 Nf6 4. Nc3 cxd4 5. Nxd4 g6 6. Be3 Bg7 7. f3 Nc6 8. Qd2 Bd7 9. 0-0-0 Rc8 10. g4 Ne5 11. h4 h5 12. g5 Nh7 13. f4 Ng4 14. Bh3 Nxe3 15. Bxd7+ Qxd7 16. Qxe3 0-0 17. f5 Rc4 18. Rhf1 Re8 19. e5 dxe5 20. Ne6 Qc6 21. Nxg7 Kxg7 22. fxg6 Qxg6 23. Qxe5+ Kg8 24. Rd4 Rxd4 25. Qxd4 a6 26. Nd5 Qc6 27. Re1 e6 28. Qe5 Qc4 29. b3 Qxh4 30. g6 1-0

[Event "IECG QE.2002.0.00014"]
[Site "IECG email"]
[Date "2002.02.11"]
[Round "?"]
[White "Manini, Nicola"]
[Black "Poblete, Litos"]
[Result "1-0"]
[WhiteElo "1398"]
[BlackElo "1239"]
[PlyCount "51"]
[EventDate "2002.02.11"]
[EventType "tourn (corr)"]
[EventRounds "6"]
[SourceTitle "Corr 2008"]
[Source "ChessBase"]
[SourceDate "2008.06.24"]
[SourceVersion "1"]
[SourceVersionDate "2008.06.24"]
[SourceQuality "1"]

1. d4 e6 2. c4 f5 3. Nf3 Nf6 4. g3 Be7 5. Bg2 0-0 6. 0-0 d6 7. Nc3 Qe8 8. b3 a5 9. Ba3 Nbd7 10. Qd2 c6 11. d5 exd5 12. cxd5 c5 13. Ng5 Nb6 14. Rfe1 Ng4 15. h3 Nxf2 16. Kxf2 f4 17. Nge4 Qg6 18. Kg1 fxg3 19. Qe3 Bh4 20. Rf1 Bf5 21. Nb5 Nxd5 22. Qd3 Be6 23. Nexd6 Qxd3 24. exd3 Nf4 25. Rxf4 Rxf4 26. Nc7 1-0

[Event "IECG QE.2002.0.00014"]
[Site "IECG email"]
[Date "2002.02.11"]
[Round "?"]
[White "Manini, Nicola"]
[Black "Tolan, John"]
[Result "0-1"]
[WhiteElo "1398"]
[BlackElo "1299"]
[PlyCount "60"]
[EventDate "2002.02.11"]
[EventType "tourn (corr)"]
[EventRounds "6"]
[SourceTitle "Corr 2008"]
[Source "ChessBase"]
[SourceDate "2008.06.24"]
[SourceVersion "1"]
[SourceVersionDate "2008.06.24"]
[SourceQuality "1"]

1. d4 Nf6 2. c4 e6 3. Nc3 Bb4 4. e3 0-0 5. Bd3 d5 6. cxd5 exd5 7. Nge2 c6 8. 0-0 Bd6 9. a3 Qc7 10. f4 Re8 11. Ng3 g6 12. Bd2 Be6 13. Rc1 a6 14. b4 Nbd7 15. Rb1 Nb6 16. Qc2 Nfd7 17. a4 f5 18. h3 Nf6 19. a5 Nc4 20. Bxc4 dxc4 21. Na4 Nd5 22. Rf3 Bf7 23. e4 Bxf4 24. Nb6 Bxg3 25. Nxa8 Rxa8 26. exd5 Bxd5 27. Ra3 Re8 28. Bg5 Qd6 29. Re3 Rxe3 30. Bxe3 c3 0-1

[Event "IECG CF.2001.0.00010 email"]
[Site "IECG email"]
[Date "2001.09.16"]
[Round "?"]
[White "Manini, Nicola"]
[Black "Ladzpa, Gel"]
[Result "1-0"]
[WhiteElo "1148"]
[BlackElo "1100"]
[PlyCount "43"]
[EventDate "2001.09.16"]
[EventType "tourn (corr)"]
[EventRounds "6"]
[SourceTitle "Corr 2008"]
[Source "ChessBase"]
[SourceDate "2008.06.24"]
[SourceVersion "1"]
[SourceVersionDate "2008.06.24"]
[SourceQuality "1"]

1. d4 g6 2. c4 Bg7 3. e4 d6 4. Nc3 e5 5. dxe5 Bxe5 6. Qc2 Ne7 7. Bh6 f5 8. Nf3 Nbc6 9. Be2 fxe4 10. Nxe4 Nf5 11. Bg5 Ncd4 12. Nxd4 Nxd4 13. Qd3 Qd7 14. Nf6+ Bxf6 15. Bxf6 0-0 16. Bxd4 Qf7 17. 0-0 Qf4 18. Rae1 c5 19. Bc3 Bf5 20. Qd5+ Rf7 21. Bf3 Kf8 22. g3 1-0

[Event "IECG FI.2001.0.00010 (Class N)"]
[Site "IECG email"]
[Date "2001.04.01"]
[Round "?"]
[White "Feseler, Uwe"]
[Black "Manini, Nicola"]
[Result "1/2-1/2"]
[WhiteElo "1212"]
[BlackElo "1098"]
[PlyCount "68"]
[EventDate "2001.04.01"]
[EventType "tourn (corr)"]
[EventRounds "13"]
[SourceTitle "Corr 2008"]
[Source "ChessBase"]
[SourceDate "2008.06.24"]
[SourceVersion "1"]
[SourceVersionDate "2008.06.24"]
[SourceQuality "1"]

1. e4 c5 2. Nc3 Nc6 3. Nf3 Nf6 4. Bb5 g6 5. e5 Ng4 6. Qe2 Bg7 7. Bxc6 dxc6 8. 0-0 0-0 9. d3 Be6 10. h3 Nh6 11. Be3 b6 12. Bxh6 Bxh6 13. Rad1 Qc7 14. d4 c4 15. Nd2 b5 16. Nde4 Rfd8 17. Nc5 Bd5 18. f4 e6 19. Qg4 Qb6 20. Kh1 Bf8 21. Qg5 Bxc5 22. dxc5 Qxc5 23. Ne4 Qf8 24. Nf6+ Kg7 25. Qh4 h6 26. c3 a5 27. Ng4 h5 28. Nf6 Qh8 29. Rd2 Rab8 30. Rfd1 Qh6 31. Ne4 Qh8 32. Qf6+ Kg8 33. Qe7 Qg7 34. Qg5 Qh8 1/2-1/2

[Event "IECG FI.2001.0.00010 (Class N)"]
[Site "IECG email"]
[Date "2001.04.01"]
[Round "?"]
[White "Manini, Nicola"]
[Black "Chuprys, Viktar"]
[Result "1-0"]
[WhiteElo "1098"]
[BlackElo "1181"]
[PlyCount "87"]
[EventDate "2001.04.01"]
[EventType "tourn (corr)"]
[EventRounds "13"]
[SourceTitle "Corr 2008"]
[Source "ChessBase"]
[SourceDate "2008.06.24"]
[SourceVersion "1"]
[SourceVersionDate "2008.06.24"]
[SourceQuality "1"]

1. d4 Nf6 2. c4 e6 3. Nc3 b6 4. e4 Bb7 5. Bd3 Bb4 6. Qc2 Bxc3+ 7. bxc3 d6 8. Ne2 Nbd7 9. 0-0 h6 10. f4 e5 11. fxe5 dxe5 12. Ng3 0-0 13. Ba3 c5 14. Nf5 Kh7 15. Rf3 Ne8 16. Raf1 g6 17. Ne3 f5 18. Nd5 f4 19. g3 g5 20. gxf4 gxf4 21. dxe5 Nxe5 22. Rxf4 Qg5+ 23. Kh1 Rxf4 24. Rxf4 Nd6 25. Bc1 Qg7 26. Rf6 Ndf7 27. Re6 Kh8 28. Bf4 Rg8 29. Bg3 Qg5 30. Bf1 Nd7 31. Qf2 Rf8 32. Qf4 Qg7 33. Qh4 Qg5 34. Qh3 Bxd5 35. cxd5 Qc1 36. Qf5 Qg5 37. Bf4 Qg7 38. Re7 Nfe5 39. Qe6 Qf6 40. Bxe5 Nxe5 41. Qxf6+ Rxf6 42. Ba6 Ng6 43. Rxa7 Kg8 44. Rb7 1-0